MARC

LEADER 00000nam0a2200000 4500
001 278792
005 20231101235140.0
020 |a RU  |b 86-7058и 
035 |a (RuTPU)RU\TPU\book\302070 
090 |a 278792 
100 |a 20141215d1986 km y0rusy5003 ca 
101 0 |a rus 
102 |a RU 
105 |a a z 001zb 
200 1 |a А. Арутюнян  |e альбом  |f Б. А. Зурабов 
210 |a Москва  |c Советский художник  |d 1986 
215 |a 142 с.  |c ил. 
225 1 |a Мастера советского искусства 
300 |a На пер. авт. не указан 
320 |a Библиогр.: с. 139 
320 |a Основные произведения А. Арутюняна: с. 136-139. 
600 1 |a Арутюнян  |b А. А.  |c армянский скульптор-монументалист  |f 1928-1999  |g Ара Арменович  |2 stltpush  |3 (RuTPU)RU\TPU\pers\36477  |9 19526 
606 1 |a Скульпторы  |2 stltpush  |3 (RuTPU)RU\TPU\subj\55078  |9 73150 
610 1 |a армянская советская скульптура 
610 1 |a скульптура 
610 1 |a монументальное искусство 
610 1 |a Армения 
610 1 |a история 
610 1 |a 20 век 
610 1 |a персоналии 
675 |a 73.071  |z rus  |v 4 
700 1 |a Зурабов  |b Б. А.  |g Борис Анатольевич  |4 070 
801 0 |a RU  |b RuMRKP  |c 19950704  |g psbo 
801 1 |a RU  |b 63413507  |c 20141215 
801 2 |a RU  |b 63413507  |c 20170413  |g RCR 
942 |c BK